| 000 | 00461nam a2200169 a 4500 | ||
|---|---|---|---|
| 005 | 20140412111259.0 | ||
| 008 | 020530s19uu xx 00 eng d | ||
| 020 | _a0-439-28509-7 | ||
| 050 |
_aTR(PS E _bRa11 1997 |
||
| 100 | _aArnosky, Jim | ||
| 245 |
_aRabbits & raindrops / _cJim Arnosky. |
||
| 260 |
_aNew York : _bScholastic Inc, _c1997. |
||
| 300 | _a1 v. (unp.) ; ill. | ||
| 650 |
_aRabbits _xFiction |
||
| 650 |
_aRaindrops _xFiction |
||
| 999 |
_c103286 _d103286 |
||